| 000 | 00581nam a22001457a 4500 | ||
|---|---|---|---|
| 008 | 160426b xxu||||| |||| 00| 0 eng d | ||
| 082 |
_22012 _aUT 0366 _bAl15 |
||
| 100 |
_96409 _aAlbutra, Wenceslao T. _bJr. |
||
| 245 |
_aPhysical variations occur in menopausal period and the level of adoption to chance among women in Barangay Zone 1, Digos City/ _cWenceslao T. Albutra Jr. and Key Aiko C. Arapan. |
||
| 260 |
_aDigos City: _bUMDC _cMay 2012 |
||
| 300 |
_a56 pages; _c30 cm. |
||
| 650 | 0 |
_96412 _aNursing _xUndergraduate thesis. |
|
| 700 |
_96413 _aArapan, Key Aiko C. |
||
| 942 |
_2ddc _cUT |
||
| 999 |
_c1994 _d1994 |
||